000 00690nam a2200205 i 4500
001 38372
003 ES-MaACL
007 t|
008 030225s1976 mx ||||1| spa d
100 1 _aBurnet, Macfarlane.
_932733
245 1 0 _aGenes, sueños y realidades /
_cpor Macfarlane Burnet ; [traducción de Juan Almela].
250 _a[1ª ed.].
260 _aMéxico :
_bFondo de Cultura Económica,
_c1976.
300 _a319 p. :
_bil. ;
_c18 cm.
490 1 _aBreviarios del Fondo de Cultura Económica ;
_v265
700 1 _aAlmela, Juan.
_920128
830 0 _aBreviarios del Fondo de Cultura Económica ;
_v265
_9179682
852 _aES-MaACL
_jL-9947
_bR.111981
999 _c38372
_d38372